Central Library OPAC University of Rajshahi

The principles of scientific research / (Record no. 7581)

MARC details
000 -LEADER
fixed length control field 00594cam a2200229I 4500
001 - CONTROL NUMBER
control field 7581
003 - CONTROL NUMBER IDENTIFIER
rucl marc code OCoLC
005 - DATE AND TIME OF LATEST TRANSACTION
control field 20211208234436.0
008 - FIXED-LENGTH DATA ELEMENTS--GENERAL INFORMATION
fixed length control field 150114s1950 dcu 000 0 eng u
035 ## - SYSTEM CONTROL NUMBER
System control number (BD-RjUL)
040 ## - CATALOGING SOURCE
Transcribing agency NED
Modifying agency OCL
-- BOS
Original cataloging agency BD-RjUL
Language of cataloging eng
041 ## - LANGUAGE CODE
Language code of text/sound track or separate title eng
082 ## - DEWEY DECIMAL CLASSIFICATION NUMBER
Classification number 813.33
Author mark and year FRP 1950
100 1# - MAIN ENTRY--PERSONAL NAME
Personal name Freedman, Paul.
9 (RLIN) 23659
245 14 - TITLE STATEMENT
Title The principles of scientific research /
260 ## - PUBLICATION, DISTRIBUTION, ETC. (IMPRINT)
Place of publication, distribution, etc. Washington,
Name of publisher, distributor, etc. Public Affairs Press
Date of publication, distribution, etc. 1950
300 ## - PHYSICAL DESCRIPTION
Pagination 222 p.
Illustrations diagrs.
Size 23 cm.
650 #0 - SUBJECT ADDED ENTRY--TOPICAL TERM
Topical term or geographic name as entry element Research.
9 (RLIN) 23660
942 ## - ADDED ENTRY ELEMENTS (KOHA)
Source of classification or shelving scheme Dewey Decimal Classification
Koha item type Books
Holdings
Lost status Source of classification or shelving scheme Damaged status Not for loan Collection code Permanent Location Current Location Shelving location Date acquired Coded location qualifier Cost, normal purchase price Total Checkouts Full call number Date last seen Copy number Koha item type
  Dewey Decimal Classification   Not For Loan Non-fiction Central Library, University of Rajshahi Central Library, University of Rajshahi   11/02/1956 Zeitlinger 50.00   813.33 FRP 1950 15/01/2014 C-1 Books